Gares de la Moselle - Statistiques

Statistiques générales
  • Ce quiz a été pris 197 fois
  • Le résultat moyen est 16 sur 44
Statistiques - réponses
Nombre de voyageurs Gares % Correct
9 407 728 Metz
96%
3 555 047 Thionville
93%
64 870 Metz Nord
92%
364 916 Forbach
78%
428 391 Sarreguemines
78%
1 327 883 Hagondange
77%
850 055 Sarrebourg
66%
181 738 Woippy
64%
280 750 Rémilly
63%
274 180 Saint Avold
62%
77 354 Réding
57%
743 560 Uckange
53%
2 745 Apach
51%
323 371 Maizières les Metz
47%
5 227 Hayange
46%
493 670 Lorraine TGV
46%
3 775 Gandrange - Amnéville
44%
210 639 Faulquemont
33%
122 693 Morhange
32%
158 615 Béning
31%
512 538 Hettange Grande
31%
66 116 Rombas - Clouange
30%
109 060 Ars sur Moselle
23%
4 202 Sierck les Bains
23%
31 720 Peltre
22%
15 670 Hombourg Haut
18%
14 170 Kalhausen
17%
35 081 Courcelles sur Nied
16%
7 044 Walygator Parc
15%
58 712 Ancy sur Moselle
14%
15 768 Bénestroff
14%
53 260 Moyeuvre Grande
14%
2 223 Téting sur Nied
14%
1 651 Basse Ham
13%
81 681 Lutzelbourg
13%
380 Koenigsmacker
12%
145 849 Novéant sur Moselle
11%
9 558 Sanry sur Nied
11%
21 961 Berthelming
10%
2 560 Farébersviller
9%
23 096 Farschviller
8%
46 Malling
8%
9 243 Herny
7%
13 909 Hundling
7%
Aucun quiz correspondant
Distribution des résultats
% des personnes avec chaque résultat
Percentile par nombre de réponses
Votre historique - résultats
Vous n’avez pas pris ce quiz